[Event "X Anibal Open"]
[Site "Linares ESP"]
[Date "2003.02.28"]
[Round "1"]
[White "Amin,B"]
[Black "Gleizerov,E"]
[Result "1/2-1/2"]
[WhiteElo "2281"]
[BlackElo "2579"]
[EventDate "2003.02.28"]

1. e4 e6 2. d3 c5 3. g3 d5 4. Nd2 Nc6 5. Bg2 g6 6. Ngf3 Bg7 7. O-O Nge7 8.
Re1 b6 9. e5 Qc7 10. Qe2 g5 11. Nxg5 Qxe5 12. Qxe5 Bxe5 13. c3 Ba6 14. Bf1
Bg7 15. Ndf3 O-O 16. h4 h6 17. Nh3 e5 18. Bd2 f5 19. Rad1 e4 20. dxe4 Bxf1
21. Kxf1 fxe4 22. Nh2 Ne5 23. Bf4 Nc4 24. Bc1 Ne5 25. Nf4 c4 26. Nxd5 Nxd5
27. Rxd5 Nd3 28. Ng4 Nxe1 29. Kxe1 Rad8 30. Rxd8 Rxd8 31. Nxh6+ Bxh6 32.
Bxh6 Kf7 33. Be3 Ke6 34. Ke2 Rf8 35. Bf4 Rf5 36. Ke3 Rb5 37. g4 Rxb2 38. h5
Rxa2 39. g5 Rc2 40. Kxe4 Rxf2 41. g6 Re2+ 42. Kf3 Re1 43. h6 Kf6 44. h7 Re8
45. Be5+ Kxg6 46. h8=Q Rxh8 47. Bxh8 a5 48. Be5 b5 49. Ke4 b4 50. cxb4 axb4
51. Kd4 1/2-1/2

[Event "X Anibal Open"]
[Site "Linares ESP"]
[Date "2003.02.28"]
[Round "1"]
[White "Socko,B"]
[Black "Sanchez Jimenez,JC"]
[Result "1-0"]
[WhiteElo "2577"]
[BlackElo "2281"]
[EventDate "2003.02.28"]

1. e4 e6 2. d4 d5 3. Nc3 Bb4 4. e5 c5 5. a3 Bxc3+ 6. bxc3 Qa5 7. Bd2 Qa4 8.
Qb1 c4 9. Ne2 Nc6 10. Ng3 Nge7 11. Nh5 Rg8 12. g3 Bd7 13. Bg2 O-O-O 14. O-O
Kb8 15. Ra2 Nc8 16. f4 Nb6 17. g4 Qa5 18. Qe1 Rdf8 19. f5 Na4 20. Ra1 a6
21. Kh1 Na7 22. Qg3 Nb5 23. Rf2 Ka8 24. fxe6 fxe6 25. Nxg7 Rxf2 26. Qxf2
Qd8 27. Qf7 Qc8 28. Nh5 Rf8 29. Qxh7 Rh8 30. Qe7 Nbxc3 31. Nf6 Bc6 32. g5
Ne2 33. c3 Nb2 34. Rf1 Ng3+ 35. Kg1 Ne2+ 36. Kf2 Rxh2 37. Kxe2 Qh8 38. Nh7
Rxg2+ 39. Ke3 Rg3+ 40. Kf2 Rd3 41. Ke2 Be8 42. Rf8 1-0

[Event "X Anibal Open"]
[Site "Linares ESP"]
[Date "2003.02.28"]
[Round "1"]
[White "Inarkiev,E"]
[Black "Mirzoeva,E"]
[Result "1-0"]
[WhiteElo "2566"]
[BlackElo "2256"]
[EventDate "2003.02.28"]

1. d4 Nf6 2. c4 e6 3. Nc3 Bb4 4. Qc2 c5 5. dxc5 Na6 6. a3 Bxc3+ 7. Qxc3
Nxc5 8. f3 a5 9. e4 a4 10. Be3 Qc7 11. e5 Ng8 12. Nh3 f5 13. Nf4 Ne7 14.
Kf2 b6 15. h4 O-O 16. h5 Nc6 17. h6 g5 18. Bxc5 bxc5 19. Nd3 Kf7 20. Re1
Rg8 21. Qc1 Kg6 22. g4 fxg4 23. Re4 g3+ 24. Kxg3 Bb7 25. Qxg5+ 1-0

[Event "X Anibal Open"]
[Site "Linares ESP"]
[Date "2003.02.28"]
[Round "1"]
[White "Baum,B"]
[Black "Pavlovic,Mi"]
[Result "0-1"]
[WhiteElo "2252"]
[BlackElo "2560"]
[EventDate "2003.02.28"]

1. Nf3 c5 2. g3 g6 3. Bg2 Bg7 4. d4 cxd4 5. Nxd4 Nc6 6. Nxc6 bxc6 7. O-O
Rb8 8. Nd2 Nf6 9. Rb1 O-O 10. Nb3 Qc7 11. Bd2 d6 12. Ba5 Qd7 13. Bc3 Qc7
14. Qd2 Be6 15. Rfe1 c5 16. e4 Nd7 17. Bxg7 Kxg7 18. Qc3+ f6 19. Nd4 Bg8
20. b3 Qb6 21. Ne2 Ne5 22. Nf4 g5 23. Nd3 Nc6 24. Rbd1 a5 25. Qd2 c4 26.
Nb2 Ne5 27. Qe3 Qxe3 28. Rxe3 Rfc8 29. f4 gxf4 30. gxf4 Ng6 31. Bh3 Rc7 32.
Rg3 Kf8 33. Rf1 cxb3 34. cxb3 Rc2 35. Rf2 Rxf2 36. Kxf2 Rb4 37. Rf3 d5 38.
exd5 Rxf4 39. Kg3 Rd4 40. Be6 Rd2 41. Rf2 Rd4 42. Rc2 Bxe6 43. dxe6 f5 44.
Rc5 f4+ 45. Kg4 Rd2 46. Nc4 Rxa2 47. Rxa5 Rxh2 48. b4 Kg7 49. b5 Rc2 50.
Na3 Rb2 51. Ra4 Kf6 52. Re4 Rb3 53. Nc4 Rxb5 54. Re1 Rb3 55. Rf1 Kxe6 56.
Nd2 Re3 57. Nf3 Ne5+ 58. Nxe5 Kxe5 59. Ra1 Rg3+ 60. Kh4 Kf5 0-1

[Event "X Anibal Open"]
[Site "Linares ESP"]
[Date "2003.02.28"]
[Round "1"]
[White "Sorokin,M"]
[Black "Perera,P"]
[Result "1-0"]
[WhiteElo "2560"]
[BlackElo "2249"]
[EventDate "2003.02.28"]

1. Nf3 Nf6 2. c4 g6 3. Nc3 d5 4. Qa4+ Nc6 5. Nd4 Bd7 6. cxd5 Nxd4 7. Qxd4
Bg7 8. e4 O-O 9. Be2 e6 10. dxe6 fxe6 11. Qc4 Ne8 12. d4 Nd6 13. Qd3 b5 14.
b4 a5 15. Rb1 axb4 16. Rxb4 Qe7 17. a3 Rad8 18. Qg3 Ra8 19. O-O Qf7 20. f4
Bc6 21. Qe3 Rad8 22. Rd1 Qe8 23. g4 Rb8 24. d5 exd5 25. Nxd5 Bxd5 26. Rxd5
Qf7 27. Qb3 c5 28. Rxc5 Qxb3 29. Rxb3 Bd4+ 30. Be3 Bxe3+ 31. Rxe3 Rxf4 32.
e5 Nc4 33. Rb3 Rd8 34. Rcxb5 Rd2 35. Bf3 h5 36. g5 Rf8 37. Bd5+ Kh8 38.
Bxc4 Rd1+ 39. Kg2 Rd2+ 40. Kg3 Rd4 41. Rb8 1-0

[Event "X Anibal Open"]
[Site "Linares ESP"]
[Date "2003.02.28"]
[Round "1"]
[White "Eisenbeiser,A"]
[Black "Kempinski,R"]
[Result "0-1"]
[WhiteElo "2232"]
[BlackElo "2545"]
[EventDate "2003.02.28"]

1. e4 c5 2. Nf3 d6 3. d4 cxd4 4. Nxd4 Nf6 5. Nc3 a6 6. Bc4 b5 7. Bb3 Bb7 8.
O-O Nbd7 9. Re1 Nc5 10. Qf3 Nxb3 11. axb3 e6 12. Bg5 Be7 13. Rad1 O-O 14.
Qg3 b4 15. Na2 Nxe4 16. Bxe7 Qxe7 17. Qf4 d5 18. Qe5 Rfe8 19. f3 Nf6 20.
Kh1 Qc5 21. Nc1 Nd7 22. Nd3 Qb6 23. Qf4 Rac8 24. h4 f6 25. Qg4 h5 26. Qxh5
Qxd4 27. Ne5 Qxe5 28. Rxe5 Nxe5 29. f4 Nf7 30. Rd2 Nd6 31. Qg4 Ne4 32. Re2
Bc6 0-1

[Event "X Anibal Open"]
[Site "Linares ESP"]
[Date "2003.02.28"]
[Round "1"]
[White "Picard,R"]
[Black "Riazantsev,A"]
[Result "0-1"]
[WhiteElo "2229"]
[BlackElo "2538"]
[EventDate "2003.02.28"]

1. e4 c6 2. d4 d5 3. e5 Bf5 4. Nf3 e6 5. Be2 Ne7 6. O-O Bg6 7. b3 Nf5 8. c4
Be7 9. Na3 O-O 10. Nc2 Nd7 11. Ne3 a5 12. a3 Kh8 13. Nxf5 Bxf5 14. Bb2 a4
15. cxd5 cxd5 16. b4 Nb6 17. Rc1 Qd7 18. Ne1 Nc4 19. Bxc4 dxc4 20. Rxc4
Rfc8 21. Rxc8+ Rxc8 22. Nd3 b6 23. Nf4 Bg5 24. Qf3 Bxf4 25. Qxf4 Rc2 26.
Bc1 h6 27. Qf3 Qxd4 28. Qa8+ Kh7 29. Qxa4 Bd3 30. Be3 Qg4 31. h3 Qg6 32.
Rc1 Be4 33. g4 h5 34. Rxc2 Bxc2 35. Qa8 Be4 36. Qd8 Bd5 37. Qg5 Qe4 38. Kf1
Qd3+ 39. Kg1 Qe4 40. Kf1 Qb1+ 41. Bc1 Qd3+ 42. Kg1 Qf3 0-1

[Event "X Anibal Open"]
[Site "Linares ESP"]
[Date "2003.02.28"]
[Round "1"]
[White "Blehm,P"]
[Black "Castillo Gallego,S"]
[Result "1-0"]
[WhiteElo "2526"]
[BlackElo "2217"]
[EventDate "2003.02.28"]

1. e4 e5 2. Nf3 Nc6 3. Bb5 Nge7 4. Nc3 g6 5. d4 exd4 6. Nd5 Bg7 7. Bg5 h6
8. Bf6 Bxf6 9. Nxf6+ Kf8 10. Qd2 d6 11. O-O-O a6 12. Bc4 Ne5 13. Nxe5 dxe5
14. f4 b5 15. Be2 Qd6 16. fxe5 Qxe5 17. Qxd4 Qxd4 18. Rxd4 Kg7 19. Nd5 Nxd5
20. exd5 Bb7 21. Rhd1 Rad8 22. Bf3 Rd6 23. b3 Rhd8 24. c4 bxc4 25. bxc4 c5
26. dxc6 Rxd4 27. Rxd4 Rxd4 28. cxb7 Rxc4+ 29. Kb2 Rb4+ 30. Kc3 a5 31. a3
Rb1 32. Be4 Rb6 33. Kc4 Kf8 34. Kc5 Rb2 35. Kd6 Ke8 36. Kc7 f5 37. Bc6+ Ke7
38. a4 1-0

[Event "X Anibal Open"]
[Site "Linares ESP"]
[Date "2003.02.28"]
[Round "1"]
[White "Breivik,L"]
[Black "Grigoriants,S RUS"]
[Result "0-1"]
[WhiteElo "2216"]
[BlackElo "2524"]
[EventDate "2003.02.28"]

1. e4 c5 2. Nc3 Nc6 3. g3 g6 4. Bg2 Bg7 5. d3 d6 6. Be3 Rb8 7. Nf3 Nf6 8.
O-O O-O 9. h3 b5 10. Qd2 b4 11. Ne2 Nd7 12. Bh6 Bxb2 13. Bxf8 Bxa1 14. Bxe7
Qxe7 15. Rxa1 Nb6 16. d4 Qf6 17. Rd1 Bxh3 18. e5 dxe5 19. dxe5 Nxe5 20.
Nxe5 Bxg2 21. Ng4 Qf3 22. Nh6+ Kg7 23. Nf4 Nc4 24. Qc1 Bh1 25. Rd3 Qc6 26.
Ng4 f6 0-1

[Event "X Anibal Open"]
[Site "Linares ESP"]
[Date "2003.02.28"]
[Round "1"]
[White "Potapenko,A"]
[Black "Rizouk,A"]
[Result "0-1"]
[WhiteElo "2180"]
[BlackElo "2519"]
[EventDate "2003.02.28"]

1. e4 e5 2. Nf3 Nc6 3. Bb5 Nf6 4. O-O Nxe4 5. Re1 Nd6 6. Nxe5 Nxe5 7. Rxe5+
Be7 8. Bd3 O-O 9. Qh5 g6 10. Qh6 Bf6 11. Re1 Bg5 12. Qh3 Re8 13. Rf1 Ne4
14. f4 Bf6 15. c3 d5 16. Qf3 c5 17. Na3 a6 18. Nc4 Bf5 19. Ne5 c4 20. g4
Bxe5 21. gxf5 cxd3 22. fxe5 Rxe5 23. fxg6 fxg6 24. Qxd3 Qg5+ 25. Kh1 Rf8
26. Rxf8+ Kxf8 27. Qe3 Qf6 0-1

[Event "X Anibal Open"]
[Site "Linares ESP"]
[Date "2003.02.28"]
[Round "1"]
[White "Pogorelov,R"]
[Black "Salgado Lopez,I"]
[Result "1-0"]
[WhiteElo "2517"]
[BlackElo "2174"]
[EventDate "2003.02.28"]

1. Nf3 d5 2. d4 Nf6 3. c4 c6 4. Nc3 dxc4 5. a4 Bf5 6. e3 e6 7. Bxc4 Bb4 8.
O-O Nbd7 9. Nh4 Bg4 10. f3 Bh5 11. g3 O-O 12. Qb3 a5 13. e4 e5 14. Be3 exd4
15. Bxd4 Nc5 16. Qd1 Nfxe4 17. Nf5 Nf6 18. g4 Bg6 19. Nxg7 Kxg7 20. g5 Ncd7
21. Ne4 Be7 22. Qb3 Kg8 23. gxf6 Nxf6 24. Rad1 Nxe4 25. fxe4 Qc7 26. Qe3
Rad8 27. e5 Rxd4 28. Qxd4 b5 29. Ba2 c5 30. Qf4 c4 31. axb5 Bc5+ 32. Kg2
Qb7+ 33. Kh3 Qc8+ 34. Kg3 Be7 35. Bxc4 h5 36. h3 Kh7 37. Kh2 f6 38. e6 Rd8
39. Rg1 Bc2 40. Rd3 Qc5 41. Qg3 Bd6 42. Rxd6 Qxd6 43. Qxd6 Rxd6 44. e7 Rd2+
45. Rg2 1-0

[Event "X Anibal Open"]
[Site "Linares ESP"]
[Date "2003.03.01"]
[Round "2"]
[White "Pavlovic,Mi"]
[Black "Peng Zhaoqin"]
[Result "1-0"]
[WhiteElo "2560"]
[BlackElo "2425"]
[EventDate "2003.02.28"]

1. e4 c5 2. Nf3 Nc6 3. d4 cxd4 4. Nxd4 Qc7 5. Nc3 e6 6. Be3 a6 7. Bd3 Nf6
8. O-O Ne5 9. h3 Bc5 10. Kh1 d6 11. f4 Ng6 12. f5 Ne5 13. Nce2 exf5 14.
exf5 b5 15. Qe1 Bb7 16. Qg3 Qe7 17. Rae1 h5 18. Bg5 h4 19. Qf4 O-O-O 20.
Nc3 Rde8 21. Bxf6 gxf6 22. Be4 Nc4 23. Bxb7+ Qxb7 24. b3 Ne5 25. Ne4 Qd5
26. Ne2 Nd7 27. N2c3 Qe5 28. Qf3 Kb8 29. Re2 Bb4 30. Rd1 Rhg8 31. Nd5 Ba5
32. c4 Nc5 33. Ndxf6 Nxe4 34. Nxe4 Bc7 35. Nxd6 Qxd6 36. Rxd6 Bxd6 37. Kg1
bxc4 38. Kf1 Be5 39. bxc4 f6 40. Re3 Kc7 41. Rb3 Rb8 42. Qd5 Rxb3 43. axb3
Rg3 44. Qa5+ Kb7 45. b4 Rb3 46. Qd5+ Kc7 47. Qf7+ Kb8 48. Ke2 Bc3 49. Qe8+
Kb7 50. Qd7+ Kb8 51. Qd8+ Kb7 52. Qd5+ Kc7 53. b5 axb5 54. cxb5 Rb2+ 55.
Kf3 Be5 56. Qc6+ Kd8 57. Kg4 Rb4+ 58. Kh5 1-0

[Event "X Anibal Open"]
[Site "Linares ESP"]
[Date "2003.03.01"]
[Round "2"]
[White "Kempinski,R"]
[Black "Valdes,Le"]
[Result "1-0"]
[WhiteElo "2545"]
[BlackElo "2408"]
[EventDate "2003.02.28"]

1. d4 Nf6 2. c4 g6 3. g3 Bg7 4. Bg2 O-O 5. Nc3 d6 6. Nf3 Nc6 7. O-O a6 8.
d5 Na5 9. Nd2 c5 10. Qc2 Rb8 11. b3 b5 12. Bb2 bxc4 13. bxc4 Bh6 14. f4 Ng4
15. Nd1 Rxb2 16. Qxb2 Bg7 17. Qc1 e5 18. dxe6 Bxe6 19. Rb1 Bd4+ 20. Kh1 Re8
21. e4 f5 22. h3 Nf6 23. Nf2 fxe4 24. Nfxe4 Nxe4 25. Bxe4 Bxh3 26. Bd5+ Kf8
27. Re1 Bf5 28. Ne4 Qd7 29. Kh2 Qa4 30. Nc3 Qd7 31. Rb6 Qg7 32. Kg2 Bxc3
33. Rxe8+ Kxe8 34. Qe3+ Kd7 35. Rxa6 Qf6 36. Ra7+ Kd8 37. Rf7 Qxf7 38. Bxf7
Bd4 39. Qe8+ Kc7 40. Qe7+ Kb6 41. Qxd6+ Ka7 42. Bd5 h5 43. Qe7+ Kb6 44. Qe8
1-0

[Event "X Anibal Open"]
[Site "Linares ESP"]
[Date "2003.03.01"]
[Round "2"]
[White "Grigoriants,S RUS"]
[Black "Kovacevic,Sl"]
[Result "1-0"]
[WhiteElo "2524"]
[BlackElo "2396"]
[EventDate "2003.02.28"]

1. e4 c5 2. Nf3 e6 3. d4 cxd4 4. Nxd4 a6 5. Bd3 Nf6 6. O-O d6 7. c4 b6 8.
Nc3 Bb7 9. Qe2 Be7 10. b3 Nc6 11. Nxc6 Bxc6 12. Bb2 O-O 13. Rad1 Qc7 14.
Kh1 Rfe8 15. f4 Nd7 16. Bb1 Bf8 17. Qc2 Rac8 18. e5 g6 19. exd6 Bxd6 20.
Ne4 Bxe4 21. Qxe4 Be7 22. g4 Nf6 23. Qg2 Red8 24. Rxd8+ Rxd8 25. f5 Ne8 26.
fxe6 fxe6 27. Qe4 Ng7 28. Bc3 Bc5 29. Bc2 Rf8 30. Rxf8+ Bxf8 31. Kg2 Bc5
32. Qa8+ Bf8 33. Qe4 Bc5 34. h4 Qf7 35. Qf3 Qe7 36. Bf6 Qc7 37. Qd3 Qc6+
38. Qe4 Qxe4+ 39. Bxe4 Kf7 40. Be5 Ne8 41. Kf3 Nf6 42. Bd3 Ke7 43. g5 Nd7
44. Bc3 Kf7 45. Be4 Ke7 46. h5 Kf7 47. Bc6 Ke7 48. h6 Bd6 49. Ke4 Nc5+ 50.
Ke3 Nd7 51. Bd4 Bc5 52. Ke4 Bxd4 53. Kxd4 Nc5 54. Be4 1-0

[Event "X Anibal Open"]
[Site "Linares ESP"]
[Date "2003.03.01"]
[Round "2"]
[White "Fernandez Romero,Ern"]
[Black "Halkias,S"]
[Result "1/2-1/2"]
[WhiteElo "2396"]
[BlackElo "2521"]
[EventDate "2003.02.28"]

1. e4 c5 2. Nf3 Nc6 3. d4 cxd4 4. Nxd4 Nf6 5. Nc3 e5 6. Ndb5 d6 7. Bg5 a6
8. Na3 b5 9. Bxf6 gxf6 10. Nd5 f5 11. g3 fxe4 12. Bg2 Be6 13. Bxe4 Bg7 14.
Qh5 Rc8 15. O-O Ne7 16. Rad1 Nxd5 17. Bxd5 Qd7 18. Bxe6 Qxe6 19. c3 O-O 20.
Nc2 f5 21. f4 Rc5 22. Qe2 Kh8 23. Qd3 exf4 24. gxf4 Rg8 25. Kh1 Qxa2 26.
Qxd6 Qc4 27. Qd3 Qf7 28. Qf3 Rc4 29. Nd4 b4 30. Rg1 bxc3 31. bxc3 Rgc8 32.
Rd3 R4c5 33. Qg2 Bxd4 34. cxd4 Rc2 35. Qf3 Qa2 36. Qg3 Qd5+ 37. Qf3 Qa2 38.
Qg3 Qd5+ 39. Qf3 Qxf3+ 40. Rxf3 Rd2 41. Re3 Rxd4 42. Re6 Ra8 43. Ra1 a5 44.
Re5 a4 45. Rxf5 a3 46. Ra2 Rb4 47. Rg5 Rb2 48. Rg2 Rxa2 49. Rxa2 Kg7 50.
Kg2 Kf6 51. Kf2 Kf5 52. Ke3 Ra4 53. Kd2 Kxf4 54. Kc3 Kg4 55. Kb3 Ra8 56.
Kc2 h5 57. Kb1 Rb8+ 58. Ka1 Rb3 59. Rc2 h4 60. Rd2 Kh3 61. Rc2 Rb2 62. Rc3+
Kxh2 63. Rh3+ Kg2 64. Rxh4 1/2-1/2

[Event "X Anibal Open"]
[Site "Linares ESP"]
[Date "2003.03.01"]
[Round "2"]
[White "Rizouk,A"]
[Black "Shetty,R"]
[Result "1/2-1/2"]
[WhiteElo "2519"]
[BlackElo "2372"]
[EventDate "2003.02.28"]

1. e4 c5 2. Nf3 e6 3. d4 cxd4 4. Nxd4 Nf6 5. Nc3 d6 6. g4 h6 7. Be3 a6 8.
h3 Nc6 9. Qe2 Bd7 10. O-O-O Be7 11. f4 Qc7 12. Bg2 Rc8 13. g5 hxg5 14. fxg5
Nh5 15. Nxc6 Bxc6 16. Qf2 g6 17. Rhf1 O-O 18. h4 b5 19. Bf3 b4 20. Ne2 Ba4
21. Nd4 e5 22. Nb3 Bd7 23. Kb1 Be6 24. Rg1 Kg7 25. Rd2 Rh8 26. Nd4 exd4 27.
Bxd4+ Kh7 28. Bxh5 gxh5 29. Qf3 Kg6 30. b3 Qd7 31. Rf2 Qb5 32. Bf6 Rc3 33.
Qf4 Qe8 34. Bxc3 bxc3 35. Qe3 Qb5 36. Rf5 Qb4 37. Rf6+ Kg7 38. Rgf1 Qc5 39.
Qf3 Rf8 40. Qxh5 Qa3 41. Qh6+ Kg8 42. Rg6+ fxg6 43. Qxg6+ Kh8 44. Qh6+ Kg8
45. Qxe6+ Kh8 46. Qh6+ Kg8 1/2-1/2

[Event "X Anibal Open"]
[Site "Linares ESP"]
[Date "2003.03.01"]
[Round "2"]
[White "Potkin,V"]
[Black "Guerra Bastida,D"]
[Result "1/2-1/2"]
[WhiteElo "2516"]
[BlackElo "2368"]
[EventDate "2003.02.28"]

1. e4 c5 2. Nf3 d6 3. d4 cxd4 4. Nxd4 Nf6 5. Nc3 g6 6. Be3 Bg7 7. f3 O-O 8.
Qd2 Nc6 9. O-O-O Nxd4 10. Bxd4 Be6 11. Kb1 Qc7 12. g4 Rfc8 13. h4 Qa5 14.
Qg5 b5 15. Qxb5 Qc7 16. Qa4 Rab8 17. Ka1 Qb7 18. Qa3 Bc4 19. g5 Nh5 20.
Bxg7 Nxg7 21. Rd4 Bxf1 22. Rxf1 Ne6 23. Ra4 a5 24. Rc1 Qa7 25. Kb1 Rc5 26.
Nd5 Rcb5 27. b3 Nc5 28. Nc3 Nxa4 29. Nxb5 Rxb5 30. Qxa4 Rb8 31. Rd1 Qf2 32.
Qxa5 Qxf3 33. Qd5 Rc8 34. Qd3 Qg4 35. Rh1 Qg2 36. Rc1 Qg4 37. Rh1 Qg2 38.
Rd1 Qg4 39. e5 dxe5 40. Qd7 Qf5 41. Qxf5 gxf5 42. Rf1 1/2-1/2

[Event "X Anibal Open"]
[Site "Linares ESP"]
[Date "2003.03.01"]
[Round "2"]
[White "Gokhale,C"]
[Black "Korobov,A"]
[Result "0-1"]
[WhiteElo "2374"]
[BlackElo "2509"]
[EventDate "2003.02.28"]

1. d4 Nf6 2. Nf3 g6 3. g3 Bg7 4. Bg2 O-O 5. O-O d6 6. b3 Nc6 7. Bb2 e5 8.
dxe5 Ng4 9. c4 Ngxe5 10. Nc3 Nxf3+ 11. Bxf3 Re8 12. Qd2 Nd4 13. Nd5 Nxf3+
14. exf3 Be6 15. Bxg7 Kxg7 16. Qd4+ f6 17. Ne3 Qd7 18. Rfd1 Qc6 19. Kg2 Re7
20. h4 h5 21. Rd2 Bf7 22. Rad1 a5 23. a3 Rae8 24. b4 axb4 25. axb4 Re5 26.
b5 Qc5 27. b6 cxb6 28. Qxd6 R8e7 29. Qxc5 bxc5 30. Rb1 Be8 31. Nd5 Rf7 32.
Rb3 Bc6 33. Re3 Rd7 34. Rxe5 fxe5 35. Kf1 b5 36. Ke1 b4 37. Kd1 Kf7 38. Kc2
Ke6 39. Nb6 Rd4 40. Rxd4 exd4 41. f4 Kd6 42. Kb3 d3 43. Nc8+ Kd7 0-1

[Event "X Anibal Open"]
[Site "Linares ESP"]
[Date "2003.03.01"]
[Round "2"]
[White "Tissir,M"]
[Black "Vasquez,R"]
[Result "1/2-1/2"]
[WhiteElo "2366"]
[BlackElo "2481"]
[EventDate "2003.02.28"]

1. e4 Nf6 2. e5 Nd5 3. Nc3 Nb6 4. a4 a5 5. d4 d6 6. Nf3 Bg4 7. h3 Bh5 8. g4
Bg6 9. e6 fxe6 10. Ng5 Qd7 11. Bb5 Nc6 12. Qe2 Bf7 13. Nxf7 Kxf7 1/2-1/2

[Event "X Anibal Open"]
[Site "Linares ESP"]
[Date "2003.03.02"]
[Round "3"]
[White "Arizmendi Martinez,J"]
[Black "Korneev,O"]
[Result "1/2-1/2"]
[WhiteElo "2520"]
[BlackElo "2613"]
[EventDate "2003.02.28"]

1. e4 e5 2. Nf3 Nc6 3. d4 exd4 4. Nxd4 Bc5 5. Nxc6 Qf6 6. Qd2 dxc6 7. Nc3
Ne7 8. Qf4 Be6 9. Qxf6 gxf6 10. Bh6 Bd4 11. Na4 a5 12. Bd2 Rg8 13. Bc3
O-O-O 14. Bxd4 Rxd4 15. Nc5 f5 16. Rd1 Rxd1+ 17. Kxd1 fxe4 18. Nxe6 fxe6
19. g3 Nf5 20. Bh3 Kd7 21. Re1 Nd6 22. Bg2 Rf8 23. Re2 Rf5 24. Bxe4 Nxe4
25. Rxe4 Rxf2 26. Rh4 Rf7 27. Ke2 c5 28. a4 c6 29. c4 Kd6 30. Kd3 b6 31.
Rh5 Rd7 32. Kc3 Rg7 33. b3 Rf7 34. Kd3 Rf3+ 1/2-1/2

[Event "X Anibal Open"]
[Site "Linares ESP"]
[Date "2003.03.02"]
[Round "3"]
[White "Korobov,A"]
[Black "Najer,E"]
[Result "1-0"]
[WhiteElo "2509"]
[BlackElo "2585"]
[EventDate "2003.02.28"]

1. d4 d5 2. c4 c6 3. Nc3 Nf6 4. Nf3 dxc4 5. a4 Bf5 6. Ne5 Nbd7 7. Nxc4 Nd5
8. g3 e5 9. Bg2 exd4 10. Qxd4 Nb4 11. O-O Nc2 12. Qf4 Nxa1 13. Qxf5 Qf6 14.
Qxf6 Nxf6 15. Na5 Bb4 16. Nxb7 O-O 17. Na2 Nc2 18. Nxb4 Nxb4 19. Bd2 Nbd5
20. e4 Nb6 21. a5 Nc4 22. Bc3 Rfe8 23. Re1 a6 24. Bf1 Ne5 25. Kg2 Ned7 26.
f3 Reb8 27. Nd6 Ne8 28. Nf5 Kf8 29. Rd1 Nc5 30. Bc4 Rb7 31. Bd4 Nd7 32. e5
h5 33. e6 fxe6 34. Bxe6 Nef6 35. Nxg7 Kxg7 36. Bxd7 Rd8 37. Bxc6 Rxb2+ 38.
Kh3 Rbb8 39. f4 Rd6 40. Bf3 Kg6 41. Bxf6 Rxd1 42. Be5 Rdd8 43. Kh4 Rb5 44.
Bxh5+ Kh6 45. g4 Rxe5 46. fxe5 Rd4 47. e6 Re4 48. Bf7 Kg7 49. Kg3 Re5 50.
h4 Rxa5 51. h5 Rc5 52. h6+ Kf6 53. Kh4 Rc4 54. e7 Kxf7 55. e8=Q+ Kxe8 56.
h7 1-0

[Event "X Anibal Open"]
[Site "Linares ESP"]
[Date "2003.03.02"]
[Round "3"]
[White "Inarkiev,E"]
[Black "El Gindy,E"]
[Result "1/2-1/2"]
[WhiteElo "2566"]
[BlackElo "2467"]
[EventDate "2003.02.28"]

1. e4 e5 2. Nf3 Nf6 3. Nxe5 d6 4. Nf3 Nxe4 5. d4 d5 6. Bd3 Bd6 7. O-O O-O
8. Re1 Re8 9. c4 Bb4 10. Nc3 Bf5 11. Qc2 c6 12. Bg5 Nxg5 13. Rxe8+ Qxe8 14.
Nxg5 Bg6 15. Bxg6 hxg6 16. cxd5 Qd8 17. Qb3 Na6 18. h4 Qd7 19. dxc6 bxc6
20. Nce4 Rb8 21. h5 Bd2 22. Qc4 Bxg5 23. hxg6 Bh4 24. gxf7+ Qxf7 25. Qxa6
Rxb2 26. Rf1 Qe6 27. Nc5 Qf5 28. g3 Bf6 29. Nd3 Rd2 30. Nf4 Qe4 31. Qc8+
Kh7 32. d5 Bd4 33. Qh3+ Kg8 34. Qc8+ Kh7 35. Qh3+ Kg8 36. dxc6 Qxc6 37. a4
Qe4 38. Qc8+ Kh7 39. Qh3+ Kg8 40. Qc8+ Kh7 41. Qh3+ 1/2-1/2

[Event "X Anibal Open"]
[Site "Linares ESP"]
[Date "2003.03.02"]
[Round "3"]
[White "Teran Alvarez,I"]
[Black "Gleizerov,E"]
[Result "1/2-1/2"]
[WhiteElo "2404"]
[BlackElo "2579"]
[EventDate "2003.02.28"]

1. e4 e6 2. d4 d5 3. Nc3 Nf6 4. Bg5 Be7 5. e5 Nfd7 6. h4 c5 7. Bxe7 Kxe7 8.
Qg4 Nc6 9. dxc5 Kf8 10. Nf3 Ndxe5 11. Nxe5 Nxe5 12. Qg3 f6 13. O-O-O Qc7
14. h5 Bd7 15. Bb5 Be8 16. f4 Nc6 17. h6 Bg6 18. Bd3 a6 19. Rhe1 Re8 20.
Qf2 Bh5 21. Be2 Bxe2 22. Rxe2 f5 23. Rde1 d4 24. Nd5 Qf7 25. Qh4 Rg8 26.
Nb6 Qg6 27. hxg7+ Kxg7 28. Nc4 Qf6 29. Qh3 Kh8 30. Nd6 Re7 31. Qb3 Nd8 32.
Qd3 1/2-1/2

[Event "X Anibal Open"]
[Site "Linares ESP"]
[Date "2003.03.02"]
[Round "3"]
[White "Blehm,P"]
[Black "Fernandez Romero,Ern"]
[Result "1/2-1/2"]
[WhiteElo "2526"]
[BlackElo "2396"]
[EventDate "2003.02.28"]

1. e4 e6 2. d4 d5 3. Nd2 c5 4. exd5 Qxd5 5. Ngf3 cxd4 6. Bc4 Qd6 7. O-O Nf6
8. Nb3 Nc6 9. Nbxd4 Nxd4 10. Nxd4 Bd7 11. c3 Qc7 12. Bb3 O-O-O 13. Qe2 h5
14. h3 Bc5 15. Be3 Ng4 16. hxg4 hxg4 17. f4 e5 18. Qf2 g5 19. Ne6 Bxe3 20.
Nxc7 Bxf2+ 21. Kxf2 g3+ 22. Kf3 exf4 23. Nd5 Rh4 24. Rh1 Bg4+ 25. Ke4 Re8+
26. Kd3 f3 27. gxf3 Bxf3 28. Rxh4 gxh4 29. Nf4 Re4 30. Nh3 Re7 31. Ng5 Bg4
32. Bd5 h3 1/2-1/2

[Event "X Anibal Open"]
[Site "Linares ESP"]
[Date "2003.03.02"]
[Round "3"]
[White "Halkias,S"]
[Black "Ahmed,Es"]
[Result "1-0"]
[WhiteElo "2521"]
[BlackElo "2395"]
[EventDate "2003.02.28"]

1. d4 Nf6 2. c4 e6 3. Nf3 b6 4. Nc3 Bb7 5. Bg5 Bb4 6. Qb3 Bxc3+ 7. Qxc3 h6
8. Bh4 Qe7 9. e3 d6 10. Nd2 e5 11. dxe5 dxe5 12. Bd3 Nbd7 13. Bf5 Rd8 14.
O-O Nc5 15. b4 Na4 16. Qa3 Bc6 17. Be4 Bd7 18. Bc2 b5 19. cxb5 Nb6 20. Ne4
Bxb5 21. Rfe1 Nbd5 22. Bxf6 gxf6 23. Qxa7 Nxb4 24. Ba4 c6 25. Qa5 Bxa4 26.
Qxa4 Kf8 27. Red1 Kg7 28. Ng3 Rxd1+ 29. Rxd1 Qb7 30. Rb1 Rb8 31. a3 Qa6 32.
Qd1 1-0

[Event "X Anibal Open"]
[Site "Linares ESP"]
[Date "2003.03.02"]
[Round "3"]
[White "Moreno Tejera,E"]
[Black "Potkin,V"]
[Result "1/2-1/2"]
[WhiteElo "2366"]
[BlackElo "2516"]
[EventDate "2003.02.28"]

1. e4 e6 2. d4 d5 3. Nc3 Bb4 4. exd5 exd5 5. Bd3 Nc6 6. a3 Bxc3+ 7. bxc3
Qf6 8. Rb1 b6 9. Qh5 Nge7 10. Bg5 Qe6+ 11. Ne2 Qg4 12. Qxg4 Bxg4 13. Bxe7
Nxe7 14. Kd2 Bxe2 15. Bxe2 Kd7 16. Rhe1 Rae8 17. Bd3 Nc8 18. Bf5+ Kd8 19.
Bxc8 Kxc8 20. Kd3 Kd7 21. c4 dxc4+ 22. Kxc4 Re6 23. Rxe6 fxe6 24. Rb5 Rf8
25. Rg5 g6 26. f3 Kd6 27. h4 a6 1/2-1/2

[Event "X Anibal Open"]
[Site "Linares ESP"]
[Date "2003.03.02"]
[Round "3"]
[White "Vasquez,R"]
[Black "Navarro,R"]
[Result "1-0"]
[WhiteElo "2481"]
[BlackElo "2289"]
[EventDate "2003.02.28"]

1. e4 e5 2. Nf3 Nf6 3. Nxe5 d6 4. Nf3 Nxe4 5. d4 d5 6. Bd3 Be7 7. O-O O-O
8. c4 c6 9. Re1 Nf6 10. h3 dxc4 11. Bxc4 Nbd7 12. Nc3 Nb6 13. Bb3 Bf5 14.
Ne5 Nfd5 15. a3 Bg5 16. Qf3 Be6 17. Ne4 Bxc1 18. Raxc1 f6 19. Nd3 Bf7 20.
Ndc5 Qc7 21. Qg3 Rab8 22. Bxd5 Nxd5 23. Nxf6+ Kh8 24. Nxd5 Qxg3 25. fxg3
1-0

[Event "X Anibal Open"]
[Site "Linares ESP"]
[Date "2003.03.02"]
[Round "3"]
[White "Amin,B"]
[Black "Rodriguez Guerrero,E"]
[Result "0-1"]
[WhiteElo "2281"]
[BlackElo "2450"]
[EventDate "2003.02.28"]

1. e4 c5 2. d3 Nc6 3. Nf3 g6 4. g3 Bg7 5. Bg2 d6 6. O-O e5 7. c3 Nge7 8. a3
O-O 9. b4 h6 10. Nbd2 Be6 11. Rb1 Qd7 12. Nb3 c4 13. dxc4 Bxc4 14. Re1 b5
15. Nfd2 Be6 16. Bf1 Rab8 17. c4 bxc4 18. Nxc4 Rfd8 19. Bb2 f5 20. Ncd2
fxe4 21. b5 Nd4 22. Nxd4 exd4 23. Nxe4 Nf5 24. Nd2 Bd5 25. Nb3 Qf7 26. Na5
Rf8 27. f4 Rbe8 28. Qd2 Re3 29. Nc6 Rfe8 30. Bh3 Nh4 31. gxh4 Rxh3 32. Bxd4
Be4 33. Bxg7 Bxb1 34. Bc3 Rd3 35. Qc1 Rxe1+ 36. Bxe1 Qb3 37. Nb4 Rd1 38.
Qc8+ Kg7 39. Qd7+ Qf7 40. Qxf7+ Kxf7 41. Kf2 Be4 42. Bc3 Ke6 43. Ke2 Rh1
44. Bd4 Rxh2+ 45. Ke3 Bb7 46. Bxa7 Rh3+ 47. Ke2 Rxa3 48. Bf2 Rb3 49. Be1
Kf5 50. Nc2 Rb2 51. Kd1 Ke4 52. Nb4 Rb1+ 53. Ke2 d5 54. Bd2 d4 55. Kf2 Rh1
56. Kg2 Rd1 0-1